Batik
Descripción Física:
1 volum : il·lustracions (algunes en color) ; 21'5 x 14 cm
Idioma:
French , Español
MARC
| LEADER | 00000nas a22000004 4500 | ||
|---|---|---|---|
| 001 | 29240 | ||
| 003 | AGDB | ||
| 005 | 20260324181544.0 | ||
| 008 | 260116d19261960fr ||#|||#|||||###||fre|c | ||
| 017 | |2 B 43920-1973 |a Biblioteca de Catalunya | ||
| 022 | |a 0210-0274 | ||
| 040 | |a ES-BaBC |b cat |c ES-BaBC | ||
| 041 | |a spa | ||
| 222 | 0 | |a Batik | |
| 245 | 0 | 0 | |a Batik |
| 260 | |a Barcelona : |b Publiart, |c 1982 | ||
| 300 | |a 1 volum : |b il·lustracions (algunes en color) ; |c 21'5 x 14 cm | ||
| 310 | |a Irregular | ||
| 362 | 0 | |a No. 1 (nov. 1973)-no. 122 (enero 1998) | |
| 500 | |a Prové del fons Joan Junyer i Pascual (1909-1994) | ||
| 500 | |a A partir del no. 67 porta el subtítol: panorama general de las artes | ||
| 650 | |a Fons Joan Junyer i Pascual (1909-1994) |9 72777 | ||
| 650 | 0 | |a Art modern |y S. XX |v Revistes |2 Arxiu |9 72727 | |
| 773 | |g Batik, 1973-1998 | ||
| 866 | |a nº 70, X año | ||
| 908 | |a MTà | ||
| 940 | |a MTà | ||
| 942 | |2 udc |c ARXIU |n 1 | ||
| 952 | |0 0 |1 0 |2 udc |4 0 |6 F504370 |7 1 |9 98966 |a Arxiu |b Arxiu |d 2026-01-15 |h 1982 (núm. 70) |l 0 |o F-504-370 |p 29240 |r 2026-01-16 11:39:26 |w 2026-01-15 |y ARXIU | ||
| 999 | |c 130634 |d 130634 | ||